Program na demonštráciu činnosti viacstupňových prepájacích sietí typu MIN = Program demonstrating operation of multistage interconnection network : Dipl.práca /

Gespeichert in:
Bibliographische Detailangaben
1. Verfasser: Mahút, Peter (Verfasst von)
Weitere Verfasser: Medvecký, Martin, 1968- (Betreuung Doktorarbeit)
Format: Manuskript Buch
Veröffentlicht: Bratislava : STU v Bratislave FEI, 1997
Tags: Tag hinzufügen
Keine Tags, Fügen Sie das erste Tag hinzu!

MARC

LEADER 00000ntm a22000003a 4500
001 stu10577
005 20160719164953.7
008 980121s1997----------------------------d
040 |a STU  |b slo 
041 0
100 1 |a Mahút, Peter  |4 aut 
245 1 |a Program na demonštráciu činnosti viacstupňových prepájacích sietí typu MIN = Program demonstrating operation of multistage interconnection network :  |b Dipl.práca /  |c [aut.] Mahút,Peter; Škol. Medvecký,Martin 
260 |a Bratislava :  |b STU v Bratislave FEI,  |c 1997 
300 |a 41 s 
700 1 |a Medvecký, Martin,  |d 1968-  |4 ths  |u E070  |U FEI Fakulta elektrotechniky a informatiky  |T FEI Ústav telekomunikácií  |X 1980  |U E070  |Y 818  |7 A000001980